000 00653cam a22001934a 4500
020 _a0072991054 (alk. paper)
040 _cDLC
082 0 0 _a658 HIL 2006 A044 Or.
245 0 0 _aFundamental managerial accounting concepts /
250 _a3rd ed.
260 _aNew York :
_bMcGraw-Hill/Irwin,
_cc2006.
300 _axxxii, 654 p. :
_bcol. ill. ;
_c29 cm.
_e1 CD-ROM (4 3/4 in.)
500 _aIncludes index.
650 0 _aManagerial accounting.
700 1 _aEdmonds, Thomas P.
856 4 2 _uhttp://www.loc.gov/catdir/enhancements/fy0617/2004042316-d.html
856 4 1 _uhttp://www.loc.gov/catdir/enhancements/fy0617/2004042316-t.html
942 _cEK
999 _c13404
_d13404